Fire Protection Association (Record no. 120921)
[ view plain ]
| 000 -LEADER | |
|---|---|
| fixed length control field | 00896cai a22001815a 4500 |
| 001 - CONTROL NUMBER | |
| control field | L153451 |
| 008 - FIXED-LENGTH DATA ELEMENTS--GENERAL INFORMATION | |
| fixed length control field | 110729u xxk g 000 0 eng d |
| 035 ## - SYSTEM CONTROL NUMBER | |
| System control number | (Sirsi) u153451 |
| 041 0# - LANGUAGE CODE | |
| Language code of text/sound track or separate title | eng |
| 110 2# - MAIN ENTRY--CORPORATE NAME | |
| Corporate name or jurisdiction name as entry element | Fire Protection Association |
| 9 (RLIN) | 231 |
| 245 00 - TITLE STATEMENT | |
| Title | Fire Protection Association |
| Medium | [electronic resource] |
| 520 ## - SUMMARY, ETC. | |
| Summary, etc. | The Fire Protection Association (FPA) is the UK's national fire safety organisation and works to identify and draw attention to the dangers of fire and the means by which their potential for loss is kept to a minimum. |
| 651 #4 - SUBJECT ADDED ENTRY--GEOGRAPHIC NAME | |
| Geographic name | United Kingdom |
| Chronological subdivision | 1973- |
| 690 ## - LOCAL SUBJECT ADDED ENTRY--TOPICAL TERM (OCLC, RLIN) | |
| Topical term or geographic name as entry element | MANAGEMENT-HEALTH AND SAFETY-FIRE SAFETY |
| 856 40 - ELECTRONIC LOCATION AND ACCESS | |
| Uniform Resource Identifier | <a href="https://www.thefpa.co.uk/fpa_home/">https://www.thefpa.co.uk/fpa_home/</a> |
| Public note | View the website free of charge at www.fpa.co.uk |
| 856 40 - ELECTRONIC LOCATION AND ACCESS | |
| Uniform Resource Identifier | <a href="https://www.thefpa.co.uk/advice--guidance/helpful-documents/">https://www.thefpa.co.uk/advice--guidance/helpful-documents/</a> |
| Public note | View the helpful documents at www.thefpa.co.uk/news-advice/documents/ |
| 942 ## - ADDED ENTRY ELEMENTS (KOHA) | |
| Suppress in OPAC | 0 |
| Source of classification or shelving scheme | Dewey Decimal Classification |
| Withdrawn status | Lost status | Source of classification or shelving scheme | Damaged status | Not for loan | Home library | Current library | Shelving location | Date acquired | Total Checkouts | Full call number | Barcode | Date last seen | Copy number | Price effective from | Koha item type |
|---|---|---|---|---|---|---|---|---|---|---|---|---|---|---|---|
| Dewey Decimal Classification | Virtual | Virtual | Online | 29/07/2011 | WEB-SITE | 153451-2001 | 06/08/2019 | 1 | 06/08/2019 | Online material |